[Event "HUN-ch Rapid 2018"]
[Site "Ajka"]
[Date "2018.07.22"]
[Round "13"]
[White "Csonka, Attila Istvan"]
[Black "Kovacs, Elod"]
[Result "1-0"]
[WhiteElo "2337"]
[BlackElo "2061"]
[Annotator "NA"]
[PlyCount "61"]
[EventDate "2018.07.20"]
[EventType "swiss"]
[EventCountry "HUN"]
[SourceTitle "playchess.com"]
[Source "ChessBase"]
[SourceQuality "1"]
[TimeControl "1200+5"]

1. e4 {[%emt 0:00:06]} c6 {[%emt 0:00:05]} 2. d4 d5 3. Nd2 {[%emt 0:00:05]} a6 {[%emt 0:00:02]} 4. e5 {[%emt 0:00:12]} Bf5 {[%emt 0:00:07]} 5. h4 {[%emt 0:00:09]} h6 {[%emt 0:00:03]} 6. Nh3 {[%emt 0:00:26]} e6 {[%emt 0:00:04]} 7. Nf4 {[%emt 0:00:05]} c5 {[%emt 0:00:05]} 8. c3 {[%emt 0:00:02]} Nc6 {[%emt 0:00:18]} 9. Nf3 {[%emt 0:00:18]} Bg4 {[%emt 0:00:04]} 10. Be2 {[%emt 0:00:09]} Qb6 {[%emt 0:00:04]} 11. Be3 {[%emt 0:01:00]} Bxf3 {[%emt 0:00:06]} 12. Bxf3 {[%emt 0:00:02]} cxd4 {[%emt 0:00:01]} 13. cxd4 {[%emt 0:00:07]} Bb4+ {[%emt 0:00:01]} 14. Kf1 {[%emt 0:00:02]} Qc7 {[%emt 0:01:40]} 15. Nh5 {[%emt 0:00:17]} Bf8 {[%emt 0:01:07]} 16. g3 {[%emt 0:00:11]} Nge7 {[%emt 0:00:09]} 17. Bg4 {[%emt 0:00:19]} O-O-O {[%emt 0:01:08]} 18. Kg2 {[%emt 0:00:05]} g6 {[%emt 0:00:07]} 19. Nf4 {[%emt 0:00:15]} Qd7 {[%emt 0:01:32]} 20. a3 {[%emt 0:00:20]} h5 {[%emt 0:00:29]} 21. Be2 {[%emt 0:00:05]} Nf5 {[%emt 0:00:03]} 22. b4 {[%emt 0:00:15]} g5 {[%emt 0:01:25]} 23. hxg5 {[%emt 0:00:13]} Be7 {[%emt 0:00:33]} 24. b5 {[%emt 0:00:20]} axb5 {[%emt 0:00:02]} 25. Bxb5 {[%emt 0:00:01]} Bxg5 {[%emt 0:00:03]} 26. Qa4 {[%emt 0:01:14]} Kb8 {[%emt 0:01:35]} 27. Rab1 {[%emt 0:00:29]} Rc8 {[%emt 0:00:02]} 28. Rhc1 {[%emt 0:00:15]} Nfe7 {[%emt 0:00:11]} 29. Nd3 {[%emt 0:00:32]} Bxe3 {[%emt 0:00:11]} 30. fxe3 {[%emt 0:00:27]} Qc7 {[%emt 0:01:01]} 31. Ba6 {[%emt 0:01:58]} 1-0

[Event "HUN-ch Rapid 2018"]
[Site "Ajka"]
[Date "2018.07.22"]
[Round "13"]
[White "Papp, Gellert"]
[Black "Juhasz, Judit"]
[Result "0-1"]
[WhiteElo "2324"]
[BlackElo "1877"]
[Annotator "NA"]
[PlyCount "94"]
[EventDate "2018.07.20"]
[EventType "swiss"]
[EventCountry "HUN"]
[SourceTitle "playchess.com"]
[Source "ChessBase"]
[SourceQuality "1"]
[TimeControl "1200+5"]

1. e4 {[%emt 0:00:01]} c5 {[%emt 0:00:06]} 2. Nf3 {[%emt 0:00:02]} Nc6 {[%emt 0:00:01]} 3. d4 {[%emt 0:00:00]} cxd4 {[%emt 0:00:01]} 4. Nxd4 {[%emt 0:00:01]} g6 {[%emt 0:00:01]} 5. Nc3 {[%emt 0:00:02]} Bg7 {[%emt 0:00:01]} 6. Be3 {[%emt 0:00:01]} Nf6 {[%emt 0:00:01]} 7. Bc4 {[%emt 0:00:01]} Qa5 {[%emt 0:00:01]} 8. O-O {[%emt 0:00:52]} O-O {[%emt 0:00:03]} 9. Bb3 {[%emt 0:00:06]} d6 {[%emt 0:00:02]} 10. h3 {[%emt 0:00:07]} Bd7 {[%emt 0:00:03]} 11. Nf3 {[%emt 0:01:24]} Rac8 {[%emt 0:00:25]} 12. Re1 {[%emt 0:00:25]} b5 {[%emt 0:01:47]} 13. a3 {[%emt 0:01:02]} a6 {[%emt 0:01:51]} 14. Qd2 {[%emt 0:02:11]} Rfe8 {[%emt 0:01:33]} 15. Bg5 {[%emt 0:00:49]} Qd8 {[%emt 0:00:51]} 16. Rad1 {[%emt 0:00:37]} Be6 {[%emt 0:03:29]} 17. Qe3 {[%emt 0:04:54]} Bxb3 {[%emt 0:01:43]} 18. cxb3 {[%emt 0:00:03]} Nd7 {[%emt 0:01:12]} 19. Bh6 {[%emt 0:03:31]} Bh8 {[%emt 0:00:11]} 20. Ng5 {[%emt 0:00:04]} Qb6 {[%emt 0:01:14]} 21. Qf4 {[%emt 0:00:09]} Nce5 {[%emt 0:00:41]} 22. Qh4 {[%emt 0:00:26]} Bf6 {[%emt 0:03:00]} 23. Nd5 {[%emt 0:00:03]} Qd8 {[%emt 0:00:53]} 24. f4 {[%emt 0:01:27]} Bxg5 {[%emt 0:00:36]} 25. Bxg5 {[%emt 0:00:05]} f6 {[%emt 0:00:13]} 26. fxe5 {[%emt 0:01:17]} fxg5 {[%emt 0:00:02]} 27. Qxg5 {[%emt 0:00:07]} Nxe5 {[%emt 0:00:03]} 28. Rc1 {[%emt 0:00:20]} Nf7 {[%emt 0:01:05]} 29. Qh4 {[%emt 0:00:46]} Rc5 {[%emt 0:00:37]} 30. b4 {[%emt 0:00:18]} Rc4 {[%emt 0:00:26]} 31. b3 {[%emt 0:00:03]} Rxc1 {[%emt 0:00:03]} 32. Rxc1 {[%emt 0:00:01]} g5 {[%emt 0:00:08]} 33. Qh5 {[%emt 0:00:09]} e6 {[%emt 0:00:10]} 34. Rc7 {[%emt 0:01:06]} Rf8 {[%emt 0:00:10]} 35. Ne7+ {[%emt 0:00:03]} Kg7 {[%emt 0:00:06]} 36. Rb7 {[%emt 0:00:14]} Qa8 {[%emt 0:00:06]} 37. Rc7 {[%emt 0:00:05]} Qb8 {[%emt 0:00:03]} 38. Rc1 {[%emt 0:00:08]} Qb6+ {[%emt 0:00:05]} 39. Kh1 {[%emt 0:00:01]} Qe3 {[%emt 0:00:01]} 40. Qf3 {[%emt 0:00:05]} Qxf3 {[%emt 0:00:02]} 41. gxf3 {[%emt 0:00:00]} Ne5 {[%emt 0:00:02]} 42. Kg2 {[%emt 0:00:17]} Rxf3 {[%emt 0:00:06]} 43. Nc6 {[%emt 0:00:04]} Rxb3 {[%emt 0:00:03]} 44. Nxe5 {[%emt 0:00:01]} dxe5 {[%emt 0:00:01]} 45. Rc6 {[%emt 0:00:03]} Rxa3 {[%emt 0:00:15]} 46. Rxe6 {[%emt 0:00:01]} Ra4 {[%emt 0:00:00]} 47. Rxa6 {[%emt 0:00:02]} Rxa6 {[%emt 0:00:02]} 0-1

[Event "HUN-ch Rapid 2018"]
[Site "Ajka"]
[Date "2018.07.22"]
[Round "13"]
[White "Csonka, Balazs"]
[Black "Erdos, Viktor"]
[Result "1/2-1/2"]
[WhiteElo "2311"]
[BlackElo "2617"]
[Annotator "TA"]
[PlyCount "24"]
[EventDate "2018.07.20"]
[EventType "swiss"]
[EventCountry "HUN"]
[SourceTitle "playchess.com"]
[Source "ChessBase"]
[SourceQuality "1"]

{[%evp 17,24,14,16,0,0,0,0,0,47]} 1. d4 Nf6 2. c4 e6 3. Nf3 Bb4+ 4. Bd2 Qe7 5. g3 Bxd2+ 6. Qxd2 Nc6 {E11: Bogo-Indian} (6... d5 7. Bg2 O-O 8. O-O Rd8 9. Na3 c6 10. Rac1 Nbd7 11. Rfd1 a5 12. Ne5 Nf8 13. Nb1 Ne8 14. Qc2 f6 15. Nf3 Nd6 16. Nbd2 {½-½ (30) Krasenkow,M (2671)-Korobov,A (2652) Wijk aan Zee 2018}) 7. Nc3 d5 8. Bg2 O-O 9. Ne5 dxc4 {LiveBook: 13 Games. The position is equal.} 10. Rd1 Nxe5 11. dxe5 Nd7 12. Qd4 Qc5 $146 ({Predecessor:} 12... Qb4 13. Rd2 a5 14. O-O {1-0 (51) Csonka,B (2424)-Horvath,A (2460) Budapest 2017}) 1/2-1/2

[Event "HUN-ch Rapid 2018"]
[Site "Ajka"]
[Date "2018.07.22"]
[Round "13"]
[White "Szelenyi, Norbert"]
[Black "Teglas, Balazs"]
[Result "1/2-1/2"]
[WhiteElo "2284"]
[BlackElo "2201"]
[Annotator "NA"]
[PlyCount "56"]
[EventDate "2018.07.20"]
[EventType "swiss"]
[EventCountry "HUN"]
[SourceTitle "playchess.com"]
[Source "ChessBase"]
[SourceQuality "1"]
[TimeControl "1200+5"]

1. c4 {[%emt 0:00:04]} c5 {[%emt 0:00:27]} 2. g3 {[%emt 0:00:14]} Nc6 {[%emt 0:00:02]} 3. Bg2 {[%emt 0:00:02]} g6 {[%emt 0:00:01]} 4. Nc3 {[%emt 0:00:18]} Bg7 {[%emt 0:00:02]} 5. Nf3 {[%emt 0:00:23]} e5 {[%emt 0:00:02]} 6. d3 {[%emt 0:00:54]} Nge7 {[%emt 0:00:04]} 7. O-O {[%emt 0:00:06]} O-O {[%emt 0:00:02]} 8. Ne1 {[%emt 0:00:03]} a6 {[%emt 0:00:33]} 9. Nc2 {[%emt 0:00:10]} Rb8 {[%emt 0:00:02]} 10. Rb1 {[%emt 0:00:22]} b5 {[%emt 0:00:10]} 11. Ne3 {[%emt 0:00:12]} b4 {[%emt 0:00:26]} 12. Ncd5 {[%emt 0:00:02]} d6 {[%emt 0:00:35]} 13. Qa4 {[%emt 0:04:17]} Nd4 {[%emt 0:04:04]} 14. Nxe7+ {[%emt 0:00:05]} Qxe7 {[%emt 0:00:00]} 15. Qd1 {[%emt 0:00:15]} Bd7 {[%emt 0:03:19]} 16. Nd5 {[%emt 0:00:10]} Qd8 {[%emt 0:00:01]} 17. e3 {[%emt 0:00:17]} Nc6 {[%emt 0:00:01]} 18. Bd2 {[%emt 0:01:17]} Ne7 {[%emt 0:00:46]} 19. Qc2 {[%emt 0:04:26]} Nxd5 {[%emt 0:00:46]} 20. Bxd5 {[%emt 0:00:02]} Kh8 {[%emt 0:01:10]} 21. b3 {[%emt 0:00:21]} a5 {[%emt 0:00:12]} 22. a4 {[%emt 0:01:06]} f5 {[%emt 0:02:04]} 23. f4 {[%emt 0:00:14]} exf4 {[%emt 0:00:38]} 24. gxf4 {[%emt 0:00:05]} Qe7 {[%emt 0:01:21]} 25. Qd1 {[%emt 0:00:06]} Bc3 {[%emt 0:00:39]} 26. Qe1 {[%emt 0:02:16]} Bxd2 {[%emt 0:00:07]} 27. Qxd2 {[%emt 0:00:00]} Rbe8 {[%emt 0:00:03]} 28. Qb2+ {[%emt 0:00:33]} Qg7 {[%emt 0:00:02]} 1/2-1/2

[Event "HUN-ch Rapid 2018"]
[Site "Ajka"]
[Date "2018.07.22"]
[Round "13"]
[White "Egresi, Mate"]
[Black "Hajnal, Zoltan"]
[Result "1-0"]
[WhiteElo "2280"]
[BlackElo "2357"]
[Annotator "NA"]
[PlyCount "79"]
[EventDate "2018.07.20"]
[EventType "swiss"]
[EventCountry "HUN"]
[SourceTitle "playchess.com"]
[Source "ChessBase"]
[SourceQuality "1"]
[TimeControl "1200+5"]

1. d4 {[%emt 0:00:01]} d5 {[%emt 0:00:06]} 2. c4 {[%emt 0:00:01]} c6 {[%emt 0:00:02]} 3. Nf3 {[%emt 0:00:09]} Nf6 {[%emt 0:00:02]} 4. e3 {[%emt 0:00:02]} Bf5 {[%emt 0:00:04]} 5. Nc3 {[%emt 0:00:02]} e6 {[%emt 0:00:03]} 6. Nh4 {[%emt 0:00:05]} Be4 {[%emt 0:00:05]} 7. f3 {[%emt 0:00:03]} Bg6 {[%emt 0:00:01]} 8. Qb3 {[%emt 0:00:06]} Qc7 {[%emt 0:00:01]} 9. Bd2 {[%emt 0:00:26]} Be7 {[%emt 0:00:01]} 10. Nxg6 {[%emt 0:00:17]} hxg6 {[%emt 0:00:02]} 11. O-O-O {[%emt 0:00:02]} Nbd7 {[%emt 0:00:09]} 12. cxd5 {[%emt 0:00:28]} exd5 {[%emt 0:00:44]} 13. h3 {[%emt 0:00:38]} b5 {[%emt 0:00:03]} 14. Bd3 {[%emt 0:00:18]} a5 {[%emt 0:00:17]} 15. Kb1 {[%emt 0:00:17]} Nb6 {[%emt 0:00:20]} 16. e4 {[%emt 0:00:34]} a4 {[%emt 0:01:08]} 17. Qc2 {[%emt 0:00:05]} b4 {[%emt 0:00:01]} 18. e5 {[%emt 0:01:38]} Nfd7 {[%emt 0:04:02]} 19. Nb5 {[%emt 0:00:52]} Qb7 {[%emt 0:00:01]} 20. Nd6+ {[%emt 0:00:05]} Bxd6 {[%emt 0:00:02]} 21. exd6 {[%emt 0:00:01]} O-O {[%emt 0:00:01]} 22. Bxb4 {[%emt 0:00:43]} Nc4 {[%emt 0:00:01]} 23. Qc3 {[%emt 0:00:43]} a3 {[%emt 0:02:23]} 24. Bxc4 {[%emt 0:00:17]} dxc4 {[%emt 0:00:01]} 25. Bxa3 {[%emt 0:00:25]} Nb6 {[%emt 0:00:16]} 26. Ka1 {[%emt 0:01:16]} Ra4 {[%emt 0:00:29]} 27. Rhe1 {[%emt 0:00:47]} Nd5 {[%emt 0:00:08]} 28. Qc2 {[%emt 0:00:06]} Rfa8 {[%emt 0:04:28]} 29. Re7 {[%emt 0:03:29]} Qa6 {[%emt 0:02:33]} 30. Rde1 {[%emt 0:00:55]} c3 {[%emt 0:00:39]} 31. Re8+ {[%emt 0:00:03]} Kh7 {[%emt 0:01:33]} 32. Rxa8 {[%emt 0:00:30]} Qxa8 {[%emt 0:00:02]} 33. d7 {[%emt 0:01:20]} cxb2+ {[%emt 0:00:01]} 34. Bxb2 {[%emt 0:01:34]} Nb4 {[%emt 0:01:13]} 35. Qe4 {[%emt 0:02:22]} Ra5 {[%emt 0:01:18]} 36. a3 Rxa3+ {[%emt 0:00:25]} 37. Bxa3 {[%emt 0:01:27]} Qxa3+ {[%emt 0:00:01]} 38. Kb1 {[%emt 0:00:00]} Qb3+ {[%emt 0:00:15]} 39. Kc1 {[%emt 0:00:01]} Nd3+ {[%emt 0:00:12]} 40. Kd2 {[%emt 0:00:08]} 1-0

[Event "HUN-ch Rapid 2018"]
[Site "Ajka"]
[Date "2018.07.22"]
[Round "13"]
[White "Varga, Klara"]
[Black "Kiss, Pal"]
[Result "1-0"]
[WhiteElo "2183"]
[BlackElo "2356"]
[Annotator "NA"]
[PlyCount "76"]
[EventDate "2018.07.20"]
[EventType "swiss"]
[EventCountry "HUN"]
[SourceTitle "playchess.com"]
[Source "ChessBase"]
[SourceQuality "1"]
[TimeControl "1200+5"]

1. c4 {[%emt 0:00:01]} c6 {[%emt 0:00:10]} 2. Nf3 {[%emt 0:00:03]} d5 {[%emt 0:00:08]} 3. e3 {[%emt 0:00:27]} Nf6 {[%emt 0:00:04]} 4. Nc3 {[%emt 0:00:02]} Bg4 {[%emt 0:00:34]} 5. cxd5 {[%emt 0:00:17]} Bxf3 {[%emt 0:00:03]} 6. Qxf3 {[%emt 0:00:03]} cxd5 {[%emt 0:00:02]} 7. Bb5+ {[%emt 0:00:14]} Nc6 {[%emt 0:00:07]} 8. Bxc6+ {[%emt 0:00:36]} bxc6 {[%emt 0:00:03]} 9. d4 {[%emt 0:00:02]} e6 {[%emt 0:00:13]} 10. O-O {[%emt 0:00:13]} c5 {[%emt 0:01:00]} 11. dxc5 {[%emt 0:02:07]} Bxc5 {[%emt 0:00:05]} 12. Rd1 {[%emt 0:00:07]} Qb8 {[%emt 0:02:44]} 13. e4 {[%emt 0:01:50]} dxe4 {[%emt 0:00:20]} 14. Nxe4 {[%emt 0:00:02]} Nxe4 {[%emt 0:00:08]} 15. Qxe4 {[%emt 0:00:02]} O-O {[%emt 0:00:08]} 16. b3 {[%emt 0:03:48]} Qb6 {[%emt 0:02:45]} 17. Qf4 {[%emt 0:01:19]} e5 {[%emt 0:02:50]} 18. Qg3 {[%emt 0:01:25]} Bd4 {[%emt 0:00:53]} 19. Rb1 {[%emt 0:01:44]} Rac8 {[%emt 0:03:06]} 20. Bb2 {[%emt 0:00:17]} Bxb2 {[%emt 0:00:48]} 21. Rxb2 {[%emt 0:00:01]} Rfd8 {[%emt 0:00:33]} 22. Re1 {[%emt 0:00:04]} Qd4 {[%emt 0:00:34]} 23. Rbe2 {[%emt 0:00:10]} f6 {[%emt 0:00:10]} 24. h4 {[%emt 0:00:28]} Rc3 {[%emt 0:00:17]} 25. Qh2 {[%emt 0:00:17]} Rd3 {[%emt 0:00:43]} 26. h5 {[%emt 0:00:27]} Rd2 {[%emt 0:00:29]} 27. Rxd2 {[%emt 0:01:27]} Qxd2 {[%emt 0:00:01]} 28. Rf1 {[%emt 0:00:01]} Qxa2 {[%emt 0:01:32]} 29. Qh3 {[%emt 0:00:11]} Qa6 {[%emt 0:00:07]} 30. h6 {[%emt 0:00:02]} Qd6 {[%emt 0:00:23]} 31. hxg7 {[%emt 0:00:08]} Qd7 {[%emt 0:00:31]} 32. Qh4 {[%emt 0:00:21]} Kxg7 {[%emt 0:00:06]} 33. Rc1 {[%emt 0:00:08]} Rc8 {[%emt 0:00:16]} 34. Re1 {[%emt 0:00:22]} Rc7 {[%emt 0:00:14]} 35. Re3 {[%emt 0:00:09]} Qf5 {[%emt 0:00:19]} 36. Rf3 {[%emt 0:00:49]} Qe6 {[%emt 0:00:28]} 37. Rg3+ {[%emt 0:00:03]} Kh8 {[%emt 0:00:07]} 38. Qh6 {[%emt 0:00:04]} Qf7 1-0

[Event "HUN-ch Rapid 2018"]
[Site "Ajka"]
[Date "2018.07.22"]
[Round "13"]
[White "Gaal, Zsoka"]
[Black "Hoang, Thanh Trang"]
[Result "0-1"]
[WhiteElo "2044"]
[BlackElo "2351"]
[Annotator "NA"]
[PlyCount "76"]
[EventDate "2018.07.20"]
[EventType "swiss"]
[EventCountry "HUN"]
[SourceTitle "playchess.com"]
[Source "ChessBase"]
[SourceQuality "1"]
[TimeControl "1200+5"]

1. Nf3 {[%emt 0:00:03]} f5 {[%emt 0:00:09]} 2. g3 {[%emt 0:00:03]} Nf6 {[%emt 0:00:03]} 3. Bg2 {[%emt 0:00:03]} g6 {[%emt 0:00:03]} 4. d4 {[%emt 0:00:02]} Bg7 {[%emt 0:00:03]} 5. O-O {[%emt 0:00:04]} O-O {[%emt 0:00:05]} 6. Nbd2 {[%emt 0:00:03]} d6 {[%emt 0:00:16]} 7. Re1 {[%emt 0:00:02]} Nc6 {[%emt 0:00:45]} 8. e4 {[%emt 0:00:07]} fxe4 {[%emt 0:03:06]} 9. Nxe4 {[%emt 0:00:04]} Nxe4 {[%emt 0:00:27]} 10. Rxe4 {[%emt 0:00:03]} Bf5 {[%emt 0:00:04]} 11. Re1 {[%emt 0:00:05]} Qd7 {[%emt 0:00:35]} 12. c3 {[%emt 0:01:01]} Kh8 {[%emt 0:00:51]} 13. Bg5 {[%emt 0:02:07]} Bg4 {[%emt 0:00:48]} 14. Qd3 {[%emt 0:02:31]} Rae8 {[%emt 0:00:28]} 15. Nd2 {[%emt 0:01:52]} e5 {[%emt 0:00:37]} 16. d5 {[%emt 0:01:35]} Nd8 {[%emt 0:00:55]} 17. Bxd8 {[%emt 0:01:36]} Rxd8 {[%emt 0:00:11]} 18. Qe3 {[%emt 0:01:41]} a6 {[%emt 0:01:49]} 19. Ne4 {[%emt 0:01:04]} h6 {[%emt 0:00:55]} 20. c4 {[%emt 0:00:47]} Rf7 {[%emt 0:00:48]} 21. Rac1 {[%emt 0:01:18]} b6 {[%emt 0:00:26]} 22. Rc2 {[%emt 0:00:37]} Rdf8 {[%emt 0:00:09]} 23. b3 {[%emt 0:00:15]} g5 {[%emt 0:02:27]} 24. Rd2 {[%emt 0:01:14]} Bf3 {[%emt 0:00:26]} 25. Bxf3 {[%emt 0:01:13]} Rxf3 {[%emt 0:00:02]} 26. Qe2 {[%emt 0:00:02]} g4 {[%emt 0:00:30]} 27. Rd3 {[%emt 0:00:36]} Qf5 {[%emt 0:00:09]} 28. Rxf3 {[%emt 0:00:27]} gxf3 {[%emt 0:00:05]} 29. Qf1 {[%emt 0:00:02]} h5 {[%emt 0:00:12]} 30. h4 {[%emt 0:00:16]} Bh6 {[%emt 0:00:11]} 31. Kh2 {[%emt 0:00:03]} Rg8 {[%emt 0:00:08]} 32. Qh3 {[%emt 0:00:09]} Rg4 {[%emt 0:00:15]} 33. Kh1 {[%emt 0:00:37]} Qg6 {[%emt 0:00:27]} 34. Ng5 {[%emt 0:00:29]} Bxg5 {[%emt 0:00:17]} 35. hxg5 {[%emt 0:00:03]} Qxg5 {[%emt 0:00:07]} 36. Re3 {[%emt 0:00:06]} e4 {[%emt 0:00:15]} 37. Qf1 {[%emt 0:00:14]} h4 {[%emt 0:00:38]} 38. Qa1+ {[%emt 0:00:16]} Kg8 {[%emt 0:00:22]} 0-1